| 000 | 00381nam a2200097Ia 4500 | ||
|---|---|---|---|
| 008 | 220204s9999 xx 000 0 und d | ||
| 082 |
_a581.1:061.32013 _bNCC;1 |
||
| 245 | 0 | _aNational Conference of Plant Physiology NCPP 13 on Current trends in Plant Biology Research | |
| 260 |
_aGujarat;Junagat Agriicultural University _bDirectorate of Groundnut Research Junagadh _c2013 |
||
| 942 | _cBK | ||
| 999 |
_c44907 _d44907 |
||